000 00370nam a22001577a 4500
999 _c257996
_d257995
003 OSt
005 20191108112603.0
008 191108b xxu||||| |||| 00| 0 eng d
020 _a9788172764654
040 _cN/A
100 _aKamala Subramaniam
245 _aMahabharata
250 _a20th ed
260 _aIndia
_bBhavan`s Book University
_c2017
942 _2lcc
_cBK